[Event "Titled Tuesday 2025.02.04 Late"]
[Site "Chess.com INT"]
[Date "2025.02.04"]
[Round "7"]
[White "Sai, Krishna GV"]
[Black "Le, Quang Liem"]
[Result "1/2-1/2"]
[WhiteElo "2366"]
[BlackElo "2739"]
[WhiteFideId "-1"]
[WhiteFideId "-1"]
[PlyCount "162"]
[GameId "2143899101402472"]
[EventDate "2025.02.04"]
[EventType "swiss (blitz)"]
[EventRounds "11"]
[EventCountry "NET"]
[SourceTitle "Mega2025 Update 15"]
[Source "Chessbase"]
[SourceDate "2025.02.14"]
[SourceVersion "1"]
[SourceVersionDate "2025.02.14"]
[SourceQuality "1"]

1. e4 e5 2. Nf3 Nc6 3. Bb5 a6 4. Ba4 Nge7 5. c3 Ng6 6. h4 Be7 7. h5 Nf4 8. d4 Nxg2+ 9. Kf1 Nh4 10. Nxe5 Nxe5 11. dxe5 O-O 12. Qg4 d5 13. Qf4 dxe4 14. Bc2 g5 15. Qg3 Kh8 16. Nd2 f5 17. exf6 Nf5 18. Qg2 Bxf6 19. Nxe4 h6 20. Nxf6 Qxf6 21. Bxf5 Qxf5 22. Be3 Be6 23. Bd4+ Kh7 24. Qg3 Rf7 25. Re1 c5 26. Re5 Bc4+ 27. Kg2 Bd5+ 28. Kh2 Qf3 29. Qxf3 Bxf3 30. Rxc5 Bxh1 31. Kxh1 Re8 32. Kg2 Re2 33. b4 Rxa2 34. Rc8 Rg7 35. Bxg7 Kxg7 36. Rc7+ Kf6 37. Rxb7 g4 38. Kg3 Kg5 39. b5 axb5 40. Rxb5+ Kf6 41. Kxg4 Rxf2 42. Rb6+ Kg7 43. Rg6+ Kh7 44. Rc6 Kg7 45. c4 Rg2+ 46. Kh4 Rc2 47. Rg6+ Kf7 48. Rc6 Ke7 49. Kg4 Kd7 50. Rc5 Kd6 51. Rd5+ Ke6 52. Rd4 Ke5 53. Rd5+ Ke4 54. Rd6 Rxc4 55. Rxh6 Ke5+ 56. Kg5 Rc1 57. Rg6 Rg1+ 58. Kh6 Rh1 59. Rg5+ Kf6 60. Rg3 Rf1 61. Kh7 Kf7 62. h6 Kf8 63. Kh8 Rf2 64. Kh7 Rf7+ 65. Kh8 Rf6 66. h7 Rf2 67. Rg8+ Kf7 68. Rb8 Rf1 69. Rb7+ Kf8 70. Rb6 Kf7 71. Rb5 Kf8 72. Rg5 Kf7 73. Rg7+ Kf8 74. Rb7 Rf2 75. Rg7 Rf1 76. Rg8+ Kf7 77. Rg4 Rf2 78. Rg3 Kf8 79. Ra3 Kf7 80. Ra7+ Kf8 81. Rg7 Rf1 1/2-1/2

[Event "Titled Tuesday 2025.02.04 Late"]
[Site "Chess.com INT"]
[Date "2025.02.04"]
[Round "8"]
[White "Kim, Noah"]
[Black "Sai, Krishna GV"]
[Result "1-0"]
[WhiteElo "2080"]
[BlackElo "2366"]
[WhiteFideId "-1"]
[WhiteFideId "-1"]
[PlyCount "79"]
[GameId "2143899101447638"]
[EventDate "2025.02.04"]
[EventType "swiss (blitz)"]
[EventRounds "11"]
[EventCountry "NET"]
[SourceTitle "Mega2025 Update 15"]
[Source "Chessbase"]
[SourceDate "2025.02.14"]
[SourceVersion "1"]
[SourceVersionDate "2025.02.14"]
[SourceQuality "1"]

1. d4 Nf6 2. Nc3 d5 3. Bf4 a6 4. e3 c5 5. dxc5 Nc6 6. a3 e5 7. Bg5 Be6 8. b4 Be7 9. Na4 O-O 10. Nb6 Rb8 11. Nf3 a5 12. c3 Ne4 13. Bxe7 Qxe7 14. Qc2 f5 15. Bb5 Qc7 16. Rd1 Ne7 17. O-O Rbd8 18. c4 axb4 19. axb4 Nxc5 20. bxc5 Qxc5 21. Na4 Qb4 22. Nxe5 Ng6 23. Nxg6 hxg6 24. cxd5 Bxd5 25. Rxd5 Rxd5 26. Bc4 Rfd8 27. Rd1 Kh7 28. Bxd5 Rxd5 29. Rb1 Qa5 30. h3 Rd2 31. Qc3 Qd5 32. Rb4 Rd1+ 33. Kh2 Qd6+ 34. f4 Qd5 35. Rd4 Rxd4 36. Qxd4 Qb3 37. Nc5 Qc2 38. Ne6 Kh6 39. Qxg7+ Kh5 40. Qh7# 1-0

[Event "Titled Tuesday 2025.02.04 Late"]
[Site "Chess.com INT"]
[Date "2025.02.04"]
[Round "9"]
[White "Sai, Krishna GV"]
[Black "Rangel, Daniel"]
[Result "1-0"]
[WhiteElo "2366"]
[BlackElo "2248"]
[WhiteFideId "-1"]
[WhiteFideId "-1"]
[PlyCount "93"]
[GameId "2143899101505115"]
[EventDate "2025.02.04"]
[EventType "swiss (blitz)"]
[EventRounds "11"]
[EventCountry "NET"]
[SourceTitle "Mega2025 Update 15"]
[Source "Chessbase"]
[SourceDate "2025.02.14"]
[SourceVersion "1"]
[SourceVersionDate "2025.02.14"]
[SourceQuality "1"]

1. Nf3 Nf6 2. g3 e6 3. Bg2 d5 4. O-O Be7 5. d3 O-O 6. Nbd2 c5 7. e4 Nc6 8. Re1 b6 9. e5 Nd7 10. Nf1 Bb7 11. h4 Re8 12. N1h2 f6 13. exf6 Bxf6 14. Ng4 Nd4 15. Ng5 h6 16. Nh3 e5 17. Ne3 Nf8 18. Qh5 Rb8 19. c3 Nde6 20. Nf5 Qd7 21. g4 Qf7 22. Qxf7+ Kxf7 23. Nd6+ Kg8 24. Nxe8 Rxe8 25. g5 hxg5 26. hxg5 Bd8 27. Rxe5 Bc7 28. Re2 Rd8 29. f4 g6 30. Bd2 Ba6 31. Rae1 Ng7 32. Re7 Bb8 33. Nf2 Nf5 34. Ng4 Nxe7 35. Rxe7 Bxd3 36. Nh6+ Kh8 37. Nf7+ Kg8 38. Nxd8 c4 39. Bxd5+ Kh8 40. Nf7+ Kg7 41. Ne5+ Kh8 42. Nxd3 cxd3 43. c4 Nd7 44. Bc3+ Ne5 45. fxe5 d2 46. e6+ Be5 47. Bxe5+ 1-0

[Event "Titled Tuesday 2025.02.04 Late"]
[Site "Chess.com INT"]
[Date "2025.02.04"]
[Round "10"]
[White "Cumpe, Lucas"]
[Black "Sai, Krishna GV"]
[Result "1-0"]
[WhiteElo "2294"]
[BlackElo "2366"]
[WhiteFideId "-1"]
[WhiteFideId "-1"]
[PlyCount "111"]
[GameId "2143899101599580"]
[EventDate "2025.02.04"]
[EventType "swiss (blitz)"]
[EventRounds "11"]
[EventCountry "NET"]
[SourceTitle "Mega2025 Update 15"]
[Source "Chessbase"]
[SourceDate "2025.02.14"]
[SourceVersion "1"]
[SourceVersionDate "2025.02.14"]
[SourceQuality "1"]

1. e4 e5 2. Nf3 Nc6 3. d4 exd4 4. Bc4 Nf6 5. O-O Nxe4 6. Re1 d5 7. Ng5 Be7 8. Nxf7 Kxf7 9. Qh5+ Kf8 10. Bxd5 Nd6 11. Bf4 Qe8 12. Qf3 Nf5 13. Na3 Qg6 14. Bxc7 Bd7 15. Kh1 Bd6 16. Bxd6+ Qxd6 17. Nb5 Qf6 18. Nc7 Rc8 19. Ne6+ Ke7 20. Nc5+ Kd8 21. Nxd7 Kxd7 22. Be6+ Kc7 23. Bxf5 Rce8 24. Qg3+ Kb6 25. Bd7 Rxe1+ 26. Rxe1 Rd8 27. Qb3+ Kc7 28. Bxc6 Qxc6 29. Re7+ Rd7 30. Qf7 Rxe7 31. Qxe7+ Qd7 32. Qxd7+ Kxd7 33. Kg1 Ke6 34. Kf1 Kd5 35. Ke2 Kc4 36. Kd2 a5 37. b3+ Kc5 38. a4 b5 39. axb5 Kxb5 40. Kd3 Kc5 41. f4 Kd5 42. g3 h5 43. h3 g6 44. g4 hxg4 45. hxg4 Kc5 46. Ke4 Kb4 47. Kxd4 Ka3 48. Kc3 Ka2 49. f5 gxf5 50. gxf5 Kb1 51. f6 a4 52. bxa4 Ka2 53. f7 Kb1 54. f8=Q Ka2 55. Qb8 Ka1 56. Qb2# 1-0

[Event "Titled Tuesday 2025.02.04 Late"]
[Site "Chess.com INT"]
[Date "2025.02.04"]
[Round "11"]
[White "Sai, Krishna GV"]
[Black "Hamitevici, Vladimir"]
[Result "0-1"]
[WhiteElo "2366"]
[BlackElo "2423"]
[WhiteFideId "-1"]
[WhiteFideId "-1"]
[PlyCount "74"]
[GameId "2143899101648855"]
[EventDate "2025.02.04"]
[EventType "swiss (blitz)"]
[EventRounds "11"]
[EventCountry "NET"]
[SourceTitle "Mega2025 Update 15"]
[Source "Chessbase"]
[SourceDate "2025.02.14"]
[SourceVersion "1"]
[SourceVersionDate "2025.02.14"]
[SourceQuality "1"]

1. e4 c5 2. Nf3 d6 3. d4 cxd4 4. Nxd4 Nf6 5. Nc3 e5 6. Nde2 Be7 7. Bg5 Nbd7 8. f3 O-O 9. Qd2 a6 10. Nd1 Qc7 11. Nec3 h6 12. Bxf6 Nxf6 13. Ne3 Be6 14. a4 Rac8 15. Be2 Qb6 16. Rb1 Rfd8 17. g4 Rxc3 18. Qxc3 d5 19. Qb3 Bb4+ 20. c3 Qxe3 21. Qxb4 dxe4 22. Rd1 Rxd1+ 23. Kxd1 exf3 24. Bc4 Bxg4 25. Qxb7 Bh5 26. Rf1 Ne4 27. Kc2 Nd2 28. Qc8+ Kh7 29. Bd3+ e4 30. Bxe4+ Nxe4 31. Rd1 f2 32. Rd8 f1=Q 33. Rh8+ Kg6 34. Qxa6+ Qxa6 35. Rxh6+ gxh6 36. h4 Qxa4+ 37. Kb1 Qe1# 0-1

[Event "Titled Tuesday 2025.01.28 Early"]
[Site "Chess.com INT"]
[Date "2025.01.28"]
[Round "1"]
[White "Shinkarev, M."]
[Black "Sai, Krishna GV"]
[Result "1-0"]
[WhiteElo "2128"]
[BlackElo "2374"]
[WhiteFideId "-1"]
[WhiteFideId "-1"]
[PlyCount "99"]
[GameId "2141333505604165"]
[EventDate "2025.01.28"]
[EventType "swiss (blitz)"]
[EventRounds "11"]
[EventCountry "NET"]
[SourceTitle "Mega2025 Update 14"]
[Source "Chessbase"]
[SourceDate "2025.02.07"]
[SourceVersion "1"]
[SourceVersionDate "2025.02.07"]
[SourceQuality "1"]

1. c4 e5 2. g3 Nc6 3. Bg2 h5 4. h3 Bc5 5. e3 d6 6. Ne2 h4 7. g4 f5 8. d4 Bb4+ 9. Nec3 Nf6 10. f3 d5 11. cxd5 Nxd5 12. O-O f4 13. Nxd5 Qxd5 14. dxe5 Qxd1 15. Rxd1 fxe3 16. Bxe3 Nxe5 17. Bd4 Ng6 18. Bxg7 Rh7 19. Bd4 Be6 20. Nc3 O-O-O 21. a3 Bxc3 22. Bxc3 Nf4 23. Bf1 Rhd7 24. Rxd7 Rxd7 25. Re1 Bf7 26. Kf2 c5 27. Re5 b6 28. Rf5 Nd5 29. Be5 Be6 30. Rh5 Kb7 31. Rh6 Bf7 32. f4 Ne7 33. Rf6 Ng6 34. Bg2+ Ka6 35. Be4 Nxe5 36. fxe5 Re7 37. Bf5 Bd5 38. e6 b5 39. Ke3 Ka5 40. g5 Ka4 41. Bc2+ Bb3 42. Bf5 b4 43. axb4 Kxb4 44. g6 c4 45. Rf7 Re8 46. g7 Rg8 47. Bh7 c3 48. bxc3+ Kxc3 49. Bxg8 Bxe6 50. Rc7+ 1-0

[Event "Titled Tuesday 2025.01.28 Early"]
[Site "Chess.com INT"]
[Date "2025.01.28"]
[Round "2"]
[White "Sai, Krishna GV"]
[Black "Bochnicka, Vladimir1"]
[Result "0-1"]
[WhiteElo "2374"]
[BlackElo "2345"]
[WhiteFideId "-1"]
[WhiteFideId "-1"]
[PlyCount "128"]
[GameId "2141333505850521"]
[EventDate "2025.01.28"]
[EventType "swiss (blitz)"]
[EventRounds "11"]
[EventCountry "NET"]
[SourceTitle "Mega2025 Update 14"]
[Source "Chessbase"]
[SourceDate "2025.02.07"]
[SourceVersion "1"]
[SourceVersionDate "2025.02.07"]
[SourceQuality "1"]

1. Nf3 c5 2. g3 Nc6 3. Bg2 d6 4. O-O e5 5. d3 g6 6. e4 Bg7 7. Nc3 Nge7 8. Nd2 O-O 9. f4 f5 10. Nc4 Rb8 11. a4 Be6 12. Ne3 h6 13. Ned5 Kh7 14. Be3 Nd4 15. Nb5 a6 16. Nbc7 Bg8 17. Nxe7 Qxe7 18. Nd5 Bxd5 19. exd5 exf4 20. Bxf4 Ne2+ 21. Kh1 Nxf4 22. gxf4 Bxb2 23. Rb1 Bd4 24. Re1 Qg7 25. Re6 Rf6 26. Qe2 Rxe6 27. dxe6 Qe7 28. Bd5 b5 29. Qe1 b4 30. a5 Rb5 31. Bc6 Rxa5 32. Qe2 Ra1 33. Rxa1 Bxa1 34. Bd7 a5 35. Qf3 a4 36. Bxa4 Qxe6 37. Bb3 Qe1+ 38. Kg2 h5 39. Qd5 Qd2+ 40. Kf3 Bg7 41. Qxd6 Qxh2 42. Qxc5 h4 43. Qxb4 h3 44. Qe1 Qg2+ 45. Ke3 Bh6 46. Qh4 Qg1+ 47. Kd2 g5 48. Qxh3 Qf2+ 49. Kd1 g4 50. Qh5 Qf1+ 51. Kd2 Qxf4+ 52. Ke1 Qd2+ 53. Kf1 Qd1+ 54. Kf2 g3+ 55. Kxg3 Qxh5 56. Kf2 Qh2+ 57. Kf3 Qf4+ 58. Kg2 Qd2+ 59. Kf3 f4 60. Bd5 Qe3+ 61. Kg4 Qg3+ 62. Kh5 f3 63. Be4+ Kg7 64. c4 Qg5# 0-1

[Event "Titled Tuesday 2025.01.28 Early"]
[Site "Chess.com INT"]
[Date "2025.01.28"]
[Round "3"]
[White "Buraczewski, Rafal"]
[Black "Sai, Krishna GV"]
[Result "0-1"]
[WhiteElo "2135"]
[BlackElo "2374"]
[WhiteFideId "-1"]
[WhiteFideId "-1"]
[PlyCount "68"]
[GameId "2141333505916226"]
[EventDate "2025.01.28"]
[EventType "swiss (blitz)"]
[EventRounds "11"]
[EventCountry "NET"]
[SourceTitle "Mega2025 Update 14"]
[Source "Chessbase"]
[SourceDate "2025.02.07"]
[SourceVersion "1"]
[SourceVersionDate "2025.02.07"]
[SourceQuality "1"]

1. d4 g6 2. c4 Bg7 3. Nc3 d6 4. Nf3 Nd7 5. Bf4 e5 6. Bd2 Ne7 7. dxe5 dxe5 8. e4 O-O 9. Be3 c6 10. Be2 Qc7 11. O-O Rd8 12. Qc2 Nf8 13. Rad1 Ne6 14. Rxd8+ Qxd8 15. Rd1 Qc7 16. Qd2 f6 17. Qd6 Kf8 18. c5 Ke8 19. Bc4 Qxd6 20. cxd6 Ng8 21. Nd2 Nh6 22. Nb3 b6 23. a4 Ng4 24. Na2 Nxe3 25. fxe3 a5 26. Nc3 Nd8 27. Nc1 Nb7 28. N1a2 Bf8 29. b4 Bxd6 30. b5 Bd7 31. Nc1 Bb4 32. N1e2 Nc5 33. Na2 Nxa4 34. Nxb4 axb4 0-1

[Event "Titled Tuesday 2025.01.28 Early"]
[Site "Chess.com INT"]
[Date "2025.01.28"]
[Round "4"]
[White "Sai, Krishna GV"]
[Black "Bashirli, Saadat"]
[Result "1-0"]
[WhiteElo "2374"]
[BlackElo "1969"]
[WhiteFideId "-1"]
[WhiteFideId "-1"]
[PlyCount "95"]
[GameId "2141333506109244"]
[EventDate "2025.01.28"]
[EventType "swiss (blitz)"]
[EventRounds "11"]
[EventCountry "NET"]
[SourceTitle "Mega2025 Update 14"]
[Source "Chessbase"]
[SourceDate "2025.02.07"]
[SourceVersion "1"]
[SourceVersionDate "2025.02.07"]
[SourceQuality "1"]

1. Nf3 d5 2. g3 Nf6 3. Bg2 c6 4. O-O Bg4 5. d3 Nbd7 6. Nbd2 e5 7. e4 Bd6 8. h3 Bxf3 9. Qxf3 O-O 10. Qe2 Re8 11. Nf3 Nc5 12. Nh2 h6 13. Ng4 Nxg4 14. hxg4 Bf8 15. Be3 Ne6 16. Qf3 d4 17. Bd2 c5 18. a4 Rc8 19. Qe2 Qc7 20. b3 g5 21. Bf3 Bg7 22. Kg2 b6 23. Rh1 Kf8 24. Rh5 Ke7 25. Qf1 a6 26. Be2 b5 27. f3 Ra8 28. Qh1 Rh8 29. Qh2 f6 30. Qg1 Rhc8 31. Rh1 Rab8 32. Qh2 c4 33. dxc4 bxc4 34. Bxc4 Nc5 35. Qh5 Rf8 36. Qg6 Kd6 37. b4 Ne6 38. Bb3 Nd8 39. b5 Kc5 40. Bd5 axb5 41. Rhb1 b4 42. a5 Qa7 43. a6 Nc6 44. Qf5 Ne7 45. Qe6 Qc7 46. a7 Rb6 47. Ra5+ Rb5 48. Bxb4# 1-0

[Event "Titled Tuesday 2025.01.28 Early"]
[Site "Chess.com INT"]
[Date "2025.01.28"]
[Round "5"]
[White "Sai, Krishna GV"]
[Black "Karvatskyi, Oleksii"]
[Result "1-0"]
[WhiteElo "2374"]
[BlackElo "2160"]
[WhiteFideId "-1"]
[WhiteFideId "-1"]
[PlyCount "97"]
[GameId "2141333506269421"]
[EventDate "2025.01.28"]
[EventType "swiss (blitz)"]
[EventRounds "11"]
[EventCountry "NET"]
[SourceTitle "Mega2025 Update 14"]
[Source "Chessbase"]
[SourceDate "2025.02.07"]
[SourceVersion "1"]
[SourceVersionDate "2025.02.07"]
[SourceQuality "1"]

1. Nf3 c5 2. g3 d5 3. Bg2 Nf6 4. O-O g6 5. d3 Bg7 6. Nbd2 O-O 7. e4 Nc6 8. Re1 $1 {8.Re1 is better than 8.c3. 8.Te1 ist besser als 8.c3.} e5 9. b3 d4 10. Nc4 Nd7 $146 (10... Ne8 11. a4 b6 12. Rf1 Nd6 13. Nfd2 Be6 14. f4 f6 15. Nxd6 Qxd6 16. f5 Bf7 {1-0 Popovic,D (2485)-Golis,W (2313) Budapest One Week GM-B 12 2024 (4)}) 11. Nd6 Qe7 12. Nxc8 Raxc8 13. Nd2 b5 14. a4 a6 15. f4 exf4 16. gxf4 Rfe8 17. e5 Qh4 18. Ne4 Nb4 19. Bd2 Nd5 20. Qf3 Ne3 21. Bxe3 dxe3 22. axb5 Nxe5 23. fxe5 Bxe5 24. Qh3 Qxh3 25. Bxh3 Bxa1 26. Bxc8 axb5 27. Bd7 Ra8 28. Bxb5 Bd4 29. c3 Be5 30. Rxe3 Ra1+ 31. Kg2 Ra2+ 32. Nf2 Bxc3 33. Bc4 Bd4 34. Rf3 Ra7 35. Ne4 Kg7 36. Ng5 Ra2+ 37. Kh3 Bf6 38. Nxf7 h5 39. b4 Rb2 40. bxc5 g5 41. Nh6 Be5 42. Ng4 hxg4+ 43. Kxg4 Bf4 44. c6 Rxh2 45. Rxf4 gxf4 46. c7 Rg2+ 47. Kxf4 Rf2+ 48. Ke5 Rf8 49. Be6 1-0

[Event "Titled Tuesday 2025.01.28 Early"]
[Site "Chess.com INT"]
[Date "2025.01.28"]
[Round "6"]
[White "Korneev, Svyatoslav"]
[Black "Sai, Krishna GV"]
[Result "0-1"]
[WhiteElo "2187"]
[BlackElo "2374"]
[WhiteFideId "-1"]
[WhiteFideId "-1"]
[PlyCount "82"]
[GameId "2141333506380316"]
[EventDate "2025.01.28"]
[EventType "swiss (blitz)"]
[EventRounds "11"]
[EventCountry "NET"]
[SourceTitle "Mega2025 Update 14"]
[Source "Chessbase"]
[SourceDate "2025.02.07"]
[SourceVersion "1"]
[SourceVersionDate "2025.02.07"]
[SourceQuality "1"]

1. c4 g6 2. g3 Bg7 3. Bg2 e5 4. Nc3 Ne7 5. d3 c6 6. e4 f5 7. Nge2 O-O 8. O-O d6 9. d4 Nd7 10. exf5 Nxf5 11. dxe5 Nxe5 12. b3 Qb6 13. Na4 Qc7 14. Bb2 Bd7 15. Qd2 Rae8 16. Rae1 Bc8 17. h3 h5 18. f4 Nd7 19. Bxg7 Kxg7 20. h4 Nf6 21. Nac3 Qb6+ 22. Kh1 Ng4 23. Bf3 Re3 24. Nd1 Rxe2 25. Qc3+ Qd4 26. Qxd4+ Nxd4 27. Bxe2 Nf6 28. Bd3 Bh3 29. Rf2 Ng4 30. Rd2 Nf3 31. Re7+ Kg8 32. Be2 Nxd2 33. Rxb7 Nf6 34. Rxa7 Bg4 35. Bxg4 Nxg4 36. Rc7 Re8 37. Rxc6 Re1+ 38. Kg2 Rxd1 39. Rxd6 Ne3+ 40. Kh2 Nf3+ 41. Kh3 Rh1# 0-1

[Event "Titled Tuesday 2025.01.28 Early"]
[Site "Chess.com INT"]
[Date "2025.01.28"]
[Round "7"]
[White "Sai, Krishna GV"]
[Black "Tologontegin, Semetey"]
[Result "1-0"]
[WhiteElo "2374"]
[BlackElo "2351"]
[WhiteFideId "-1"]
[WhiteFideId "-1"]
[PlyCount "67"]
[GameId "2141333506605899"]
[EventDate "2025.01.28"]
[EventType "swiss (blitz)"]
[EventRounds "11"]
[EventCountry "NET"]
[SourceTitle "Mega2025 Update 14"]
[Source "Chessbase"]
[SourceDate "2025.02.07"]
[SourceVersion "1"]
[SourceVersionDate "2025.02.07"]
[SourceQuality "1"]

1. Nf3 d6 2. g3 e5 3. Bg2 f5 4. Nc3 e4 5. Nd4 c5 6. Nb3 Nf6 7. d3 d5 8. dxe4 fxe4 9. Bg5 Be6 10. Qd2 Nbd7 11. f3 exf3 12. Bxf3 d4 13. Ne4 Qb6 14. Bxf6 Nxf6 15. Nxf6+ gxf6 16. Bh5+ Kd7 17. c3 Bd6 18. cxd4 Bxb3 19. axb3 cxd4 20. O-O Be5 21. Qh6 Qe6 22. Bf3 Qb6 23. Qg7+ Kd6 24. Bg4 d3+ 25. Kg2 Qc6+ 26. Kh3 Rag8 27. Rxf6+ Bxf6 28. Qxf6+ Kc7 29. Qe5+ Kd8 30. Rxa7 Qh6+ 31. Kg2 Rxg4 32. Ra8+ Kd7 33. Rxh8 Qc6+ 34. Kh3 1-0

[Event "Titled Tuesday 2025.01.28 Early"]
[Site "Chess.com INT"]
[Date "2025.01.28"]
[Round "8"]
[White "Tabatabaei, Mohammad Amin"]
[Black "Sai, Krishna GV"]
[Result "1-0"]
[WhiteElo "2668"]
[BlackElo "2374"]
[WhiteFideId "-1"]
[WhiteFideId "-1"]
[PlyCount "89"]
[GameId "2141333506729083"]
[EventDate "2025.01.28"]
[EventType "swiss (blitz)"]
[EventRounds "11"]
[EventCountry "NET"]
[SourceTitle "Mega2025 Update 14"]
[Source "Chessbase"]
[SourceDate "2025.02.07"]
[SourceVersion "1"]
[SourceVersionDate "2025.02.07"]
[SourceQuality "1"]

1. d4 Nf6 2. c4 g6 3. g3 Bg7 4. Bg2 O-O 5. Nc3 d6 6. Nf3 Nc6 7. O-O a6 8. d5 Na5 9. b3 c5 10. Bb2 Rb8 11. a4 Bd7 12. Nd2 b5 13. axb5 axb5 14. Qc2 bxc4 15. bxc4 Ng4 16. Ra2 Rb4 17. Ba3 Qb6 18. Bxb4 cxb4 19. Na4 Qb7 20. Nb3 Ra8 21. c5 Nxb3 22. Qxb3 Qa6 23. c6 Bc8 24. Nc3 Bxc3 25. Rxa6 Rxa6 26. Rc1 Bd4 27. e3 Bc5 28. Bf1 Ra3 29. Qc4 Ne5 30. Qb5 Kg7 31. Rxc5 dxc5 32. Qxc5 Rb3 33. d6 exd6 34. Qxd6 Nf3+ 35. Kg2 Ne1+ 36. Kh1 Rb1 37. Qd4+ f6 38. h4 Nf3 39. Qd3 Bf5 40. e4 Bxe4 41. Qxe4 Rxf1+ 42. Kg2 Nd2 43. Qxb4 Rc1 44. Qxd2 Rxc6 45. Qd7+ 1-0

[Event "Titled Tuesday 2025.01.28 Early"]
[Site "Chess.com INT"]
[Date "2025.01.28"]
[Round "9"]
[White "Sai, Krishna GV"]
[Black "Sharapov, Evgeny"]
[Result "1-0"]
[WhiteElo "2374"]
[BlackElo "2375"]
[WhiteFideId "-1"]
[WhiteFideId "-1"]
[PlyCount "55"]
[GameId "2141333506798876"]
[EventDate "2025.01.28"]
[EventType "swiss (blitz)"]
[EventRounds "11"]
[EventCountry "NET"]
[SourceTitle "Mega2025 Update 14"]
[Source "Chessbase"]
[SourceDate "2025.02.07"]
[SourceVersion "1"]
[SourceVersionDate "2025.02.07"]
[SourceQuality "1"]

1. Nf3 c5 2. g3 Nc6 3. Bg2 e5 4. O-O g6 5. d3 Bg7 6. e4 Nge7 7. Nc3 O-O 8. Nd2 d6 9. f4 f5 10. Nc4 Kh8 11. Nb5 Nd4 12. Nbxd6 b5 13. Nxc8 Rxc8 14. Ne3 fxe4 15. dxe4 exf4 16. gxf4 Qc7 17. e5 Ne6 18. Qg4 Nd4 19. c3 Ndf5 20. Be4 Nxe3 21. Bxe3 Nf5 22. Bf2 Rcd8 23. Rad1 a6 24. Rxd8 Rxd8 25. Bxf5 gxf5 26. Qxf5 Rd2 27. Qe4 Rxb2 28. Qa8+ 1-0

[Event "Titled Tuesday 2025.01.28 Early"]
[Site "Chess.com INT"]
[Date "2025.01.28"]
[Round "10"]
[White "Sai, Krishna GV"]
[Black "Kiewra, Keaton"]
[Result "1-0"]
[WhiteElo "2374"]
[BlackElo "2279"]
[WhiteFideId "-1"]
[WhiteFideId "-1"]
[PlyCount "107"]
[GameId "2141333506971359"]
[EventDate "2025.01.28"]
[EventType "swiss (blitz)"]
[EventRounds "11"]
[EventCountry "NET"]
[SourceTitle "Mega2025 Update 14"]
[Source "Chessbase"]
[SourceDate "2025.02.07"]
[SourceVersion "1"]
[SourceVersionDate "2025.02.07"]
[SourceQuality "1"]

1. Nf3 Nf6 2. g3 g6 3. Bg2 Bg7 4. O-O O-O 5. d3 d6 6. e4 c5 7. Nh4 d5 8. e5 Nfd7 9. f4 e6 10. Qe1 b6 11. g4 Bb7 12. Qg3 Qc7 13. Nd2 Nc6 14. Ndf3 a5 15. Ng5 Nb4 16. Rf2 d4 17. Nhf3 c4 18. Nxh7 Kxh7 19. Ng5+ Kg8 20. Qh4 Rfe8 21. Qh7+ Kf8 22. f5 exf5 23. gxf5 Rxe5 24. Bf4 Bxg2 25. Nxf7 Nf6 26. Nxe5 Nxh7 27. Nxg6+ Kf7 28. Bxc7 Bc6 29. Re1 Bf6 30. dxc4 Ng5 31. a3 Nh3+ 32. Kf1 Nxf2 33. axb4 Ng4 34. b5 Bb7 35. Bxb6 Ne3+ 36. Kf2 Ng4+ 37. Kg3 Ne3 38. c3 Nxf5+ 39. Kf4 Kxg6 40. Rg1+ Kf7 41. Kxf5 dxc3 42. bxc3 a4 43. Bd4 Bxd4 44. cxd4 a3 45. Ra1 Bf3 46. c5 Bd5 47. Ke5 Bc4 48. b6 a2 49. b7 Re8+ 50. Kd6 Ba6 51. c6 Rd8+ 52. Kc7 Rxd4 53. b8=Q Bc4 54. Qa7 1-0

[Event "Titled Tuesday 2025.01.28 Early"]
[Site "Chess.com INT"]
[Date "2025.01.28"]
[Round "11"]
[White "Vokhidov, Shamsiddin"]
[Black "Sai, Krishna GV"]
[Result "0-1"]
[WhiteElo "2670"]
[BlackElo "2374"]
[WhiteFideId "-1"]
[WhiteFideId "-1"]
[PlyCount "110"]
[GameId "2141333507094529"]
[EventDate "2025.01.28"]
[EventType "swiss (blitz)"]
[EventRounds "11"]
[EventCountry "NET"]
[SourceTitle "Mega2025 Update 14"]
[Source "Chessbase"]
[SourceDate "2025.02.07"]
[SourceVersion "1"]
[SourceVersionDate "2025.02.07"]
[SourceQuality "1"]

1. e4 e5 2. Nf3 Nc6 3. Bb5 a6 4. Ba4 d6 5. O-O Nf6 6. Bxc6+ bxc6 7. d4 exd4 8. Nxd4 {8.Nxd4 scores better than 8.Qxd4. 8.Sxd4 punktet besser als 8.Dxd4.} c5 9. Nc6 Qd7 10. Na5 Be7 11. Nc3 O-O 12. Re1 Re8 13. Bf4 Rb8 14. b3 Rb4 15. h3 Bf8 16. Qf3 g6 $146 (16... Re6 17. a3 Rb8 18. Rad1 Qe8 19. Re2 Bd7 20. Rde1 Bb5 21. Re3 Nd7 22. Nd5 Qd8 {1-0 Baklan,V (2587)-Lesovoi,E (2347) Titled Tuesday intern op 16th Feb Chess.com INT blitz 2021 (5)}) 17. Bg5 Nh5 18. g4 Ng7 19. Nd5 Re6 20. Nf6+ Rxf6 21. Bxf6 Ne6 22. Rad1 Bh6 23. c3 Rb6 24. e5 Bf4 25. Nc4 Bb7 26. Nxb6 cxb6 27. Rxd6 Qxd6 28. Qxb7 Qd2 29. Qc8+ Nf8 30. Rf1 Qxc3 31. g5 Bxe5 32. Be7 Bg7 33. Bxf8 Bxf8 34. Qxa6 Qxh3 35. Qe2 Qh4 36. f4 c4 37. bxc4 Qg3+ 38. Qg2 Bc5+ 39. Kh1 Qh4+ 40. Qh2 Qg4 41. a4 Qe6 42. Qg2 Qxc4 43. Rd1 h5 44. Qf3 Qxa4 45. Rd2 Qa1+ 46. Kh2 Qg1+ 47. Kh3 Kh7 48. Rd7 Kg8 49. f5 Qxg5 50. f6 Qg1 51. Qa8+ Kh7 52. Rxf7+ Kh6 53. Qf3 Bd6 54. Qg2 Qe3+ 55. Kh4 g5+ 0-1

[Event "Titled Tuesday 2025.01.14 Early"]
[Site "Chess.com INT"]
[Date "2025.01.14"]
[Round "4"]
[White "Sai, Krishna GV"]
[Black "Luukkonen, Tommi"]
[Result "1-0"]
[WhiteElo "2374"]
[BlackElo "2311"]
[WhiteFideId "-1"]
[WhiteFideId "-1"]
[PlyCount "57"]
[GameId "2136239185208757"]
[EventDate "2025.01.14"]
[EventType "swiss (blitz)"]
[EventRounds "11"]
[EventCountry "NET"]
[SourceTitle "Mega2025 Update 12"]
[Source "Chessbase"]
[SourceDate "2025.01.24"]
[SourceVersion "1"]
[SourceVersionDate "2025.01.24"]
[SourceQuality "1"]

1. e4 c5 2. Nf3 d6 3. d4 cxd4 4. Nxd4 Nf6 5. Nc3 a6 6. Bg5 Nbd7 7. Qe2 h6 8. Bh4 Qc7 9. O-O-O e6 10. f4 b5 11. Nd5 exd5 12. exd5+ Be7 13. Nc6 Nc5 14. Re1 Bg4 15. Qxe7+ Qxe7 16. Rxe7+ Kf8 17. Bxf6 gxf6 18. b4 Na4 19. h3 Bf5 20. g4 Bh7 21. f5 Rc8 22. Ra7 Nc3 23. Bg2 Kg7 24. Kd2 Na4 25. Re1 Rhe8 26. Rxa6 Nb2 27. Bf1 h5 28. Bxb5 hxg4 29. hxg4 1-0